| 000 | 00484nam a2200169Ia 4500 | ||
|---|---|---|---|
| 008 | 191130s2004##################000#0#eng## | ||
| 020 | _a9781403949134 | ||
| 040 |
_aACL _cACL |
||
| 082 | _a338.6048 POR | ||
| 100 | _aPorter, Michael E | ||
| 245 |
_aThe global competitiveness report 2004-2005 _cMichael E.Porter |
||
| 260 |
_aNew York _b[publisher not identified] _c2004 |
||
| 650 | _aEconomics | ||
| 990 | _a016664fcac10000c64cb13ff64bf3b47 | ||
| 991 | _a260822 | ||
| 999 |
_c50729 _d50729 |
||